Paroles - Adieu - Jérémy Frerot - Statistiques

Statistiques générales
  • Ce quiz a été pris 168 fois
  • Le résultat moyen est 227 sur 300
Statistiques - réponses
Réponse % Correct
a
99%
Adieu
97%
adieu
97%
se
97%
de
96%
On
96%
on
96%
dit
93%
du
93%
un
93%
deux
92%
ce
90%
nous
88%
une
87%
pas
85%
plus
85%
fait
84%
est
83%
la
83%
au
82%
équipe
82%
equipe
82%
C'est
81%
c'est
81%
des
81%
enfant
81%
passé
81%
va
81%
le
80%
n'en
80%
parents
80%
amoureux
79%
enfants
79%
parents
79%
parlons
79%
si
78%
quitte
75%
sa
75%
dur
74%
eu
74%
séparer
74%
ça
73%
peu
73%
quand
73%
que
73%
coup
72%
vaincus
72%
amis
71%
même
71%
qu'on
70%
tout
70%
Pour
69%
pour
69%
sifflet
69%
dire
68%
regarde
68%
crée
67%
maman
67%
papa
67%
talent
66%
troisième
65%
fini
64%
son
64%
veut
64%
vie
64%
facile
63%
famille
63%
devenir
62%
vont
62%
Chacun
61%
chacun
61%
garder
60%
maillot
60%
ses
60%
y
60%
Allez
59%
allez
59%
ans
59%
qu'ils
59%
sans
59%
six
59%
eux
58%
maison
58%
team
58%
tête
58%
font
57%
prendre
57%
rêver
57%
sent
57%
sur
56%
deception
54%
defaite
54%
habiter
54%
côté
52%
doit
50%
petits
50%
s'organiser
49%
liberté
48%
tenir
48%
bouts
47%
lassitude
46%
qu'la
46%
apres
45%
après
45%
renouveau
45%
faut
44%
bien
43%
encore
43%
solitude
43%
tempo
43%
choix
40%
raisons
38%
soi
37%
chez
36%
voie
22%
d'nous
21%
jours
21%
nuits
20%
Aucun quiz correspondant
Distribution des résultats
% des personnes avec chaque résultat
Percentile par nombre de réponses
Votre historique - résultats
Vous n’avez pas pris ce quiz